La gran polémica (Record no. 142269)

MARC details
000 -LEADER
campo de control de longitud fija 00479nam a2200145 i 4500
001 - NÚMERO DE CONTROL
campo de control 142269
003 - IDENTIFICADOR DE NÚMERO DE CONTROL
campo de control ES-MaACL
007 - CAMPO FIJO DE DESCRIPCIÓN FÍSICA--INFORMACIÓN GENERAL
campo de control de longitud fija t|
008 - DATOS DE LONGITUD FIJA--INFORMACIÓN GENERAL
campo de control de longitud fija 071004s1946 ag ||||1| spa d
100 1# - ENTRADA PRINCIPAL--NOMBRE DE PERSONA
Nombre de persona Villa, Julio A.
9 (RLIN) 114875
245 13 - MENCIÓN DEL TÍTULO
Título La gran polémica
Resto del título : cronología política, militar y diplomática de la segunda guerra mundial 1939-1945 /
Mención de responsabilidad, etc. Julio A. Villa.
260 ## - PUBLICACIÓN, DISTRIBUCIÓN, ETC.
Lugar de publicación, distribución, etc. Buenos Aires :
Nombre del editor, distribuidor, etc. El Quijote,
Fecha de publicación, distribución, etc. [1946]
300 ## - DESCRIPCIÓN FÍSICA
Extensión 301 p. ;
Dimensiones 22 cm.
852 ## - LOCALIZACIÓN
Ubicación ES-MaACL
Número de control de estantería B-2219
Sublocalización o colección R.29241
Holdings
Estatus retirado Estado de pérdida Estado de daño No para préstamo Biblioteca de origen Biblioteca actual Ubicación en estantería Fecha de adquisición Fuente de adquisición Total de préstamos Signatura topográfica completa Código de barras Visto por última vez Precio de reemplazo Tipo de ítem Koha
        Biblioteca del Ateneo de Madrid Biblioteca del Ateneo de Madrid Sala Pardo Bazán 17/01/2008     B-2219 1148032 23/02/2023 23/02/2023 Libro impreso